| 000 | 01345nam a2200313 a 4500 | ||
|---|---|---|---|
| 001 | 000004165 | ||
| 003 | DO-SdBNP | ||
| 005 | 20260305073956.0 | ||
| 007 | ta | ||
| 008 | 090717e2008 dr ao gr 001 edspa d | ||
| 020 | _a9789945421187 | ||
| 040 |
_aDO-SdBNP _bspa _cBNPHU |
||
| 082 | 4 |
_a320.97293 _bC352L _222 |
|
| 100 | 1 |
_aCastillo, Henry, _d1963- _912308 |
|
| 245 | 1 | 0 |
_aLeonel : _bel líder propulsor de la modernización y el progreso / _cHenry Castillo; foto de la portada, Ingrid Arias |
| 260 |
_aSanto Domingo : _bCagrul, _c2008 |
||
| 300 |
_a84 p. : _bil., retrs. ; _c21 cm. |
||
| 490 | 1 | _aPolítica y sociedad | |
| 500 | _aIncluye datos biográficos del autor en la solapa de la contracubierta. | ||
| 505 |
_aPrimera Parte. _tImpulso de un Proyecto de Nación.-- _tCarisma singular.-- _tAglutinación de fuerzas.-- _tAires de cambios.-- _tEsbozos de resultados.-- _tSerenidad y firmeza.-- _tPropuesta de pacto social.-- _tRuptura y continuidad.-- _tDiscurso innovador.-- _tcompetitividad e integración.-- |
||
| 505 |
_aSegunda parte. _tEntrevista especial. |
||
| 590 | _aInventariado 2022 / MF | ||
| 600 | 1 | 0 |
_aFernández, Leonel, _d1953- _97291 |
| 651 | 4 |
_aRepública Dominicana _xPolítica y gobierno _y1996- _983150 |
|
| 700 | 1 |
_aArias, Ingrid _912310 |
|
| 830 | 0 |
_aPolítica y sociedad _912311 |
|
| 910 | _aMFeliz | ||
| 942 |
_2ddc _cLBS1 |
||
| 999 |
_c3981 _d3981 |
||